| 000 | 00000nam##2200000za#4500 |
| 001 | 9.603998 |
| 003 | CaOODSP |
| 005 | 20210624211343 |
| 007 | cr ||||||||||| |
| 008 | 150406|1992||||xxc|||||o f|0| 0 fre|d |
| 022 | |a1488-545X |
| 040 | |aCaOODSP|bfre |
| 043 | |an-cn--- |
| 086 | 1 |aFs97-6/1871F-PDF |
| 110 | 1 |aCanada.|bMinistère des pêches et des océans.|bDirection de la gestion de l'habitat du poisson. |
| 245 | 10|aRéouverture de la lagune du Havre aux Basques : |h[ressource électronique]|bétude numérique des conditions d'écoulement / |cpar J.F. Bellemare ... [et al.]. |
| 260 | |aQuébec - Québec : |bPêches et Océans Canada. |cAoût 1992. |
| 300 | |a72p.|bfigures (certaines en couleur), cartes, références, tableaux |
| 490 | 1 |aRapport technique canadien des sciences halieutiques et aquatiques|x1488-545X|vN° 1871 |
| 500 | |aLe n° de catalogue (Fs97-6/1871F) et l'ISSN (0706-6570) de l'édition imprimée ont été incorrectement copiés dans l'édition électronique. |
| 546 | |a(Abstract in English) |
| 590 | |a12-23-Supp|b2012-05-28 |
| 720 | 1 |aBellemare, J. F. |
| 776 | 0#|tRéouverture de la lagune du Havre aux Basques: étude numérique des conditions d'écoulement / |w(CaOODSP)9.621965 |
| 830 | #0|aRapport technique canadien des sciences halieutiques et aquatiques,|x1488-545X|vN° 1871|w(CaOODSP)9.500867 |
| 856 | 40|ahttp://publications.gc.ca|qPDF|s6.34 Mo|uhttps://publications.gc.ca/collections/collection_2012/mpo-dfo/Fs97-6-1871-fra.pdf|yN° 1871 |